LEADER 01265nam0 22002771i 450 001 UON00489202 005 20231205105324.733 010 $a88-372-1681-5 100 $a20180614d1998 |0itac50 ba 101 $aita 102 $aIT 105 $a|||| ||||| 200 1 $aConsigli per un vescovo$eesortazione del cardinale Bellarmino al vescovo di Teano, suo nipote$eche cosa è effettivamente indispensabile ad un vescovo il quale intenda davvero mettere al sicuro la propria salvezza eterna$fRoberto Bellarmino$gintroduzione, traduzione e note di Pasquale Giustiniani e Luigi Longobardo 210 $aBrescia$cMorcelliana$d1998 215 $a104 p.$d23 cm. 606 $aBELLARMINO ROBERTO $3UONC093897$2FI 620 $aIT$dBrescia$3UONL000026 676 $a262.12$cVESCOVI E ARCIVESCOVI$v20 700 1$aBELLARMINO$bRoberto$3UONV239567$0483296 712 $aMorcelliana$3UONV249885$4650 801 $aIT$bSOL$c20240220$gRICA 899 $aSIBA - SISTEMA BIBLIOTECARIO DI ATENEO$2UONSI 912 $aUON00489202 950 $aSIBA - SISTEMA BIBLIOTECARIO DI ATENEO$dSI FS 07401 $eSI FP 14973 5 996 $aConsigli per un vescovo$91524545 997 $aUNIOR LEADER 02441nam0 2200565 i 450 001 VAN0132739 005 20230621100146.610 017 70$2N$a9781493908851 100 $a20210325d2014 |0itac50 ba 101 $aeng 102 $aUS 105 $a|||| ||||| 200 1 $aAccelerator Physics at the Tevatron Collider$fValery Lebedev, Vladimir Shiltsev editors 210 $aNew York$cSpringer$d2014 215 $axvii, 482 p.$cill.$d24 cm 410 1$1001VAN0132740$12001 $aParticle Acceleration and Detection$1210 $aBerlin [etc.]$cSpringer 500 1$3VAN0134715$aAccelerator Physics at the Tevatron Collider$91768698 606 $a81-XX$xQuantum theory [MSC 2020]$3VANC019967$2MF 606 $a70-XX$xMechanics of particles and systems [MSC 2020]$3VANC021390$2MF 606 $a81V35$xNuclear physics [MSC 2020]$3VANC023270$2MF 610 $aAccelerator physics at the tevatron$9KW:K 610 $aAdvances in accelerator physics$9KW:K 610 $aBeam Optics$9KW:K 610 $aBeam instrumentation and diagnostics$9KW:K 610 $aColliding beams$9KW:K 610 $aFermi National Accelerator Laboratory book$9KW:K 610 $aFermilab$9KW:K 610 $aFermilab accelerator complex$9KW:K 610 $aFermilab technical publications$9KW:K 610 $aHistory of the tevatron$9KW:K 610 $aLarge Hadron Collider$9KW:K 610 $aParticle accelerators$9KW:K 610 $aPhysics of beams$9KW:K 610 $aProton-antiproton collider$9KW:K 610 $aTevatron accelerators$9KW:K 610 $aTevatron collider$9KW:K 610 $aTevatron methods$9KW:K 610 $aTevatron proton-antiproton collider$9KW:K 620 $aUS$dNew York$3VANL000011 702 1$aLebedev$bValery$3VANV106560 702 1$aShiltsev$bVladimir D.$3VANV106561 712 $aSpringer $3VANV108073$4650 801 $aIT$bSOL$c20240614$gRICA 856 4 $uhttp://doi.org/10.1007/978-1-4939-0885-1$zE-book ? Accesso al full-text attraverso riconoscimento IP di Ateneo, proxy e/o Shibboleth 899 $aBIBLIOTECA DEL DIPARTIMENTO DI MATEMATICA E FISICA$1IT-CE0120$2VAN08 912 $fN 912 $aVAN0132739 950 $aBIBLIOTECA DEL DIPARTIMENTO DI MATEMATICA E FISICA$d08CONS e-book 1941 $e08eMF1941 20210325 996 $aAccelerator Physics at the Tevatron Collider$91768698 997 $aUNICAMPANIA